000 00792cam a2200205 4500
001 WB3719-32
008 000000n2001 000 0 eng u
035 _a(Sirsi) u112613
245 _aNew rating act gains Royal Assent
260 _c2001
490 _aDETR News Release
_v(274) 11 May 2001, (1)
520 _aThe Rating (Former Agricultural Premises and Rural Shops) Act 2001 has received Royal Assent. This will provide a mandatory 50% rate relief to all new small-scale non-agricultural businesses on farms, to assist with diversification.
590 _aWB
650 _aRATING (FORMER AGRICULTURAL PREMISES AND RURAL SHOPS) ACT 2001
650 _aRURAL BUSINESSES
650 _aDIVERSIFICATION
650 _aRATE RELIEF
690 _aRATING AND LOCAL TAXATION
942 _n0
999 _c67036
_d67036